书目信息 |
| 题名: |
常用数理统计表
|
|
| 作者: | ;中国科学院数学研究所概率统计组 编 | |
| 分册: | ||
| 出版信息: | 北京 科学出版社 1974 |
|
| 页数: | 142页 | |
| 开本: | 26cm | |
| 丛书名: | ||
| 单 册: | ||
| 中图分类: | O1-647 | |
| 科图分类: | ||
| 主题词: | 数理统计 , 数学 | |
| 电子资源: | ||
| ISBN: | ||
| 000 | 00673nam0 2200229 45 | |
| 001 | 0179001603 | |
| 005 | 20060813112254.57 | |
| 010 | @dCNY0.78 | |
| 091 | @a13031.172 | |
| 100 | @a19950725e19791973em y0chiy0121 ea | |
| 101 | 0 | @achi |
| 102 | @aCN@b110000 | |
| 105 | @ay z 000yy | |
| 200 | 10 | @a常用数理统计表@AChang Yong Shu Li Tong Ji Biao@f中国科学院数学研究所概率统计组编@FZhong Guo Ke XueYuan Shu Xue Yan Jiu Suo Gai Lu Tong Ji Zu Bian |
| 210 | @a北京@c科学出版社@d1974 | |
| 215 | @a142页@d26cm | |
| 606 | @a数理统计 | |
| 606 | 0 | @a数学 |
| 690 | @aO1-647@v3 | |
| 711 | 02 | @a中国科学院数学研究所概率统计组@4编 |
| 801 | 0 | @aCN@bNLC@c20060813 |
| 905 | @dO1-647@e286 | |
| 常用数理统计表/中国科学院数学研究所概率统计组编.-北京:科学出版社,1974 |
| 142页;26cm |
| ISBN :CNY0.78 |
| ● |
| 相关链接 |
|
|
|
|
正题名:常用数理统计表
索取号:O1-647/286
 
预约/预借
| 序号 | 登录号 | 条形码 | 馆藏地/架位号 | 状态 | 备注 |
| 1 | 0006990 | 202301507 | 密集书库/ [索取号:O1-647/286] | 在馆 | |
| 2 | 0006991 | 001957449 | 密集书库/ [索取号:O1-647/286] | 在馆 | |
| 3 | 0006992 | 202301437 | 密集书库/ [索取号:O1-647/286] | 在馆 | |
| 4 | 0007832 | 202301464 | 密集书库/ [索取号:O1-647/286] | 在馆 | |
| 5 | 0015976 | 001234408 | 第二样本阅览室/ [索取号:O1-647/286] | 在馆 | |
| 6 | 0015977 | 001234382 | 第三借阅区/ [索取号:O1-647/286] | 在馆 | |
| 7 | 0015978 | 202301473 | 密集书库/ [索取号:O1-647/286] | 在馆 | |
| 8 | 0432074 | 204320742 | 密集书库/ [索取号:O1-647/286] | 在馆 | |
| 9 | 0442411 | 204424113 | 密集书库/ [索取号:O1-647/286] | 在馆 | |
| 10 | 0443202 | 204432024 | 密集书库/ [索取号:O1-647/286] | 在馆 | |
| 11 | 0454647 | 204546474 | 密集书库/ [索取号:O1-647/286] | 在馆 | |
| 12 | 0454648 | 204546483 | 密集书库/ [索取号:O1-647/286] | 在馆 | |
| 13 | 0454649 | 204546492 | 密集书库/ [索取号:O1-647/286] | 在馆 | |
| 14 | 0454650 | 204546508 | 密集书库/ [索取号:O1-647/286] | 在馆 | |
| 15 | 0454651 | 204546517 | 密集书库/ [索取号:O1-647/286] | 在馆 | |
| 16 | 0454652 | 204546526 | 密集书库/ [索取号:O1-647/286] | 在馆 | |
| 17 | 0454653 | 204546535 | 密集书库/ [索取号:O1-647/286] | 在馆 | |
| 18 | 0454654 | 204546544 | 密集书库/ [索取号:O1-647/286] | 在馆 | |
| 19 | 0454655 | 204546553 | 密集书库/ [索取号:O1-647/286] | 在馆 | |
| 20 | 0454656 | 204546562 | 密集书库/ [索取号:O1-647/286] | 在馆 | |
| 21 | 0454657 | 204546571 | 密集书库/ [索取号:O1-647/286] | 在馆 | |
| 22 | 0455264 | 204552643 | 密集书库/ [索取号:O1-647/286] | 在馆 | |
| 23 | 0455265 | 204552652 | 密集书库/ [索取号:O1-647/286] | 在馆 | |
| 24 | 0455266 | 204552661 | 密集书库/ [索取号:O1-647/286] | 在馆 | |
| 25 | 0455267 | 204552670 | 密集书库/ [索取号:O1-647/286] | 在馆 | |
| 26 | 0455268 | 204552689 | 密集书库/ [索取号:O1-647/286] | 在馆 | |
| 27 | 0455269 | 204552698 | 密集书库/ [索取号:O1-647/286] | 在馆 | |
| 28 | 0455270 | 204552705 | 密集书库/ [索取号:O1-647/286] | 在馆 |